Cơ sở ngữ văn Hán Nôm : t. II Văn bản và minh giải văn bản . địa lí, kí, Truyền kì-Tiểu thuyết-Thư . Lịch sử
Saved in:
| Format: | Book (Paper) |
|---|---|
| Language: | Vietnamese |
| Published: |
Hà Nội :
Giáo dục ,
1985
|
| Tags: |
Add Tag
No Tags, Be the first to tag this record!
|
| Institutions: | Thư viện Trường Đại học Đà Lạt |
|---|
| LEADER | 00648nam a2200241 4500 | ||
|---|---|---|---|
| 001 | DLU020015297 | ||
| 005 | ##8/10/2000 | ||
| 020 | # | # | |a 978- |
| 041 | # | # | |a vie |
| 082 | # | # | |a 495.922 7 |b Cos |
| 090 | # | # | |a 495.922 7 |b Cos |
| 245 | # | # | |a Cơ sở ngữ văn Hán Nôm : |b t. II Văn bản và minh giải văn bản . |n địa lí, kí, Truyền kì-Tiểu thuyết-Thư . |p Lịch sử |
| 260 | # | # | |a Hà Nội : |b Giáo dục , |c 1985 |
| 300 | # | # | |a 272 tr.; |c 27 cm. |
| 992 | # | # | |a 1649 |
| 994 | # | # | |a DLU |
| 900 | # | # | |a False |
| 911 | # | # | |a Administrator |
| 925 | # | # | |a G |
| 926 | # | # | |a A |
| 927 | # | # | |a SH |
| 980 | # | # | |a Thư viện Trường Đại học Đà Lạt |